01077nab a22002417a 4500999001500000003000400015005001700019008004100036040000700077100003500084245009000119260007200209300001500281500003800296505015400334505008900488650002600577650003000603650002300633650002700656773013900683942001300822 c5940d5940OSt20260114013426.0190605e xxu||||| |||| 00| 0 spa d cPJ 94563aPose, Lucía Verónica13aEl derecho del trabajador a expresar su opinión gremial /cLucía Verónica Pose. aCiudad Autónoma de Buenos Aires :bThomson Reuters La Ley,c2024. ap. 125-126 aCita: TR LALEY AR/DOC/266/2024.  aFallo comentado: SC Mendoza, sala II ~ 30/08/2023 ~ Concha, Francisco Javier c. Bodega Argento S.A. s/ despido s/ recurso extraordinario provincial. t¿Te interesa el texto completo? Solicitalo al correo: koha@justierradelfuego.gov.ar 091316aDERECHO LABORAL 091323aCONTRATO DE TRABAJO 091318aREMUNERACION 093273aMEDICINA PREPAGA0 0271193168dCiudad Autónoma de Buenos Aires : Thomson Reuters La Ley, 1999-2002.tRevista de derecho del trabajo. Nº 2 - Marzo 2024 2udccANA